Values and ethics (Record no. 123257)

MARC details
000 -LEADER
fixed length control field 00339nam a2200145Ia 4500
008 - FIXED-LENGTH DATA ELEMENTS--GENERAL INFORMATION
fixed length control field 230917s9999||||xx |||||||||||||| ||und||
040 ## - CATALOGING SOURCE
-- 107990
Original cataloging agency VIVEKANANDA LIBRARY
041 ## - Language
-- English
082 ## - DDC NUMBER
Classification number 658.409 C429V
100 ## - MAIN ENTRY--PERSONAL NAME
Personal name Chhabra, T.N.
245 #0 - TITLE STATEMENT
Title Values and ethics
260 ## - PUBLICATION, DISTRIBUTION, ETC. (IMPRINT)
Place of publication, distribution, etc Delhi
Name of publisher, distributor, etc Sun India
Date of publication, distribution, etc 2005
300 ## - PHYSICAL DESCRIPTION
Pages 179p p.
942 ## - ADDED ENTRY ELEMENTS (KOHA)
Koha item type Books
Holdings
Withdrawn status Lost status Damaged status Not for loan Location (home branch) Sublocation or collection (holding branch) Shelving location Date acquired Koha issues (times borrowed) Koha full call number Accession No. Koha date last seen Koha item type
        VIVEKANANDA LIBRARY VIVEKANANDA LIBRARY IMSAR Library 26/07/2005   658.409 C429V 218159 17/09/2023 Books
© Designed and Maintained by Vivekananda Library, MDU Rohtak